| 000 | 00818nam a2200205 a 4500 | ||
|---|---|---|---|
| 003 | 0 | ||
| 005 | 20250513092230.0 | ||
| 008 | 021107s19uu xx 00 eng d | ||
| 050 |
_aPGS LB 1060 _b.C559 2002 |
||
| 100 | _aChua, Dannah Krista C. | ||
| 245 |
_aSleeping habits of grade school students of Southville International School and its relation to their academic standing / _cDannah Krista C. Chua. |
||
| 260 |
_aLas PiƱas City, Philippines : _bSouthville International School and Colleges, _c2002. |
||
| 300 |
_a48 pages : _billustrations ; _c28 cm. |
||
| 504 | _aIncludes bibliographical references. | ||
| 650 |
_aSleep _vPhysiological aspects. |
||
| 650 |
_aSleep _vPsychological aspects _vChildren. |
||
| 650 | _aAcademic achievement. | ||
| 650 |
_aSchool children _vConduct of life. |
||
| 942 |
_2lcc _cPASS |
||
| 999 |
_c96610 _d96610 |
||